शिक्षाप्रद प्रेरक प्रसंग / (Record no. 197028)
[ view plain ]
| 000 -LEADER | |
|---|---|
| fixed length control field | 00824nam a22001817a 4500 |
| 005 - DATE AND TIME OF LATEST TRANSACTION | |
| control field | 20250130105503.0 |
| 010 ## - LCCN (DPL NO) | |
| LC control number | HIN-125550 |
| 020 ## - INTERNATIONAL STANDARD BOOK NUMBER | |
| Terms of availability | 200.00 |
| International Standard Book Number | 9789384046033 |
| 035 ## - SYSTEM CONTROL NUMBER | |
| System control number | HN-97896 |
| 037 ## - SOURCE OF ACQUISITION | |
| Source of stock number/acquisition | DBAD/PUB |
| 082 ## - DEWEY DECIMAL CLASSIFICATION NUMBER | |
| Classification number | क |
| 100 ## - MAIN ENTRY--PERSONAL NAME | |
| Personal name | भाटिया, सुदर्शन |
| 245 ## - TITLE STATEMENT | |
| Title | शिक्षाप्रद प्रेरक प्रसंग / |
| Statement of responsibility, etc | सुदर्शन भाटिया |
| 260 ## - PUBLICATION, DISTRIBUTION, ETC. (IMPRINT) | |
| Place of publication, distribution, etc | दिल्ली |
| Name of publisher, distributor, etc | सौरभ प्रकाशन |
| Date of publication, distribution, etc | 2020 |
| 270 ## - ADDRESS | |
| Address | जी -1/157 मेन 25 फूटा रोड पांचवा पुस्ता ( नियर टोल टैक्स ) सोनिया विहार |
| City | दिल्ली |
| Postal code | 110090 |
| 300 ## - PHYSICAL DESCRIPTION | |
| Extent | 119प्, |
| Other physical details | 22से.मी. (सजिल्द) |
| 942 ## - ADDED ENTRY ELEMENTS (KOHA) | |
| Source of classification or shelving scheme | Dewey Decimal Classification |
| Item type | Hindi Books |
| Classification part | क |
| Call number suffix | भाटिया |
| Withdrawn status | Lost status | Not for loan | Collection code | Home library | Current library | Date acquired | Source of acquisition | Cost, normal purchase price | Full call number | Barcode | Copy number | Cost, replacement price | Koha item type |
|---|---|---|---|---|---|---|---|---|---|---|---|---|---|
| Fiction | Vinoba Puri | Vinoba Puri | 11/08/2023 | DBAD/PUB | 350.00 | क भाटिया | HN-97896 | 1 | 350.00 | Hindi Books |
